• 首页
  • 本馆介绍
  • 公告通知
  • 最新文献
  • 馆藏检索
  • 电子资源
  • 读者导购
  • 参考咨询
  • 我的图书馆
  • 登录
  • 详细信息显示
  • 放入我的书架
  • 预约/预借图书
  • 作者相关作品
  • 分类相关作品
  • 丛书相关作品
  • 出版社相关作品

书目信息

  • 表格格式
  • 工作单格式
  • 卡片格式
题名:
平面设计图形男女
    
 
作者: 肖勇 主编
分册:  
出版信息: 福州   福建美术出版社  2006
页数: 118页
开本: 19x19cm
丛书名: 中央美院设计教学现场
单 册:
中图分类: J506
科图分类:
主题词: 平面设计--高等学校--教学参考资料
电子资源:
ISBN: 7-5393-1687-x
000 00870nam0 2200265 450
001 0709000036
005 20070531110053.68
010    @a7-5393-1687-x@dCNY38.00
100    @a20060606d2006 ekmy0chiy0110 ea
101 0  @achi
102    @aCN@b350000
105    @aa z 000yy
200 1  @a平面设计图形男女@Aping mian she ji tu xing nan nu^@dSymbols for Men And Women@f肖勇主编@zeng
210    @a福州@c福建美术出版社@d2006
215    @a118页@c图@d19x19cm
225 2  @a中央美院设计教学现场
300    @a版权页丛书题名:中央美术学院设计教学现场
330    @a本书以图文并茂的形式展示了平面设计作品,供读者欣赏。
461  0 @12001 @a中央美院设计教学现场
510 1  @aSymbols for Men And Women@zeng
606 0  @a平面设计@x高等学校@j教学参考资料
690    @aJ506@v4
701  0 @a肖勇@Axiao yong@4主编
801  0 @aCN@bTAOJIN@c20070531
905    @a10447@dJ506@e213
    
    平面设计图形男女=Symbols for Men And Women/肖勇主编.-福州:福建美术出版社,2006
    118页:图;19x19cm.-(中央美院设计教学现场)
    版权页丛书题名:中央美术学院设计教学现场
    
    ISBN 7-5393-1687-x:CNY38.00
    本书以图文并茂的形式展示了平面设计作品,供读者欣赏。
●
相关链接 在E读中查询图书 在五车中查询图书 在当当中查询图书 在豆瓣中查询图书


正题名:平面设计图形男女     索取号:J506/213         预约/预借

序号 登录号 条形码 馆藏地/架位号 状态 备注
1 0523828   205238287   第一样本阅览室/ [索取号:J506/213] 在馆    
2 0523829   205238296   第一借阅区/ [索取号:J506/213] 在馆    
3 0523830   205238303   第一借阅区/ [索取号:J506/213] 在馆    
唐山师范学院图书馆 欢迎您!
大连网信软件有限公司© 版权所有